Online
Catalog

El Palacio Omeya de 'AMMÂN / (Record no. 41455)

MARC details
000 -CABECERA
campo de control de longitud fija 00744nam a2200157 a 4500
001 - NÚMERO DE CONTROL
campo de control 000041966
005 - FECHA Y HORA DE LA ÚLTIMA TRANSACCIÓN
campo de control 20201002035846.0
008 - DATOS DE LONGITUD FIJA--INFORMACIÓN GENERAL
campo de control de longitud fija 131025s2000 sp a 000 0 spa d
020 ## - NÚMERO INTERNACIONAL ESTÁNDAR DEL LIBRO
Número Internacional Estándar del Libro 848587305X
040 ## - FUENTE DE LA CATALOGACIÓN
Centro catalogador/agencia de origen DO-SdBNP
Lengua de catalogación spa
Centro/agencia transcriptor BNPHU
100 1# - ENTRADA PRINCIPAL--NOMBRE DE PERSONA
Nombre de persona Almagro Gorbea, Antonio.
9 (RLIN) 68891
245 13 - MENCIÓN DE TÍTULO
Título El Palacio Omeya de 'AMMÂN /
Mención de responsabilidad, etc. Antonio Almagro...[et. al].
260 ## - PUBLICACIÓN, DISTRIBUCIÓN, ETC.
Lugar de publicación, distribución, etc. Granada :
Nombre del editor, distribuidor, etc. Escuela de Estudios Arabes, CSIC :
-- Real Academia de Bellas Artes de Granada,
Fecha de publicación, distribución, etc. 2000.
300 ## - DESCRIPCIÓN FÍSICA
Extensión v. (354), p. (134) p. lám. ;
Dimensiones 30 cm.
505 2# - NOTA DE CONTENIDO CON FORMATO
Nota de contenido con formato v. 3
Título Investigación arqueológica y restauración, 1989-1997 /
Mención de responsabilidad Antonio Almagro, Pedro Jimenéz, Julio Navarro ; con la colaboración de Ignacio Arce, José Antonio Fernéndez, Alvaro Jiménez y Ma. Belén Sánchez
Holdings
Estado de retiro Estado de pérdida Restricciones de uso No para préstamo Código de colección Localización permanente Ubicación/localización actual Ubicación en estantería Fecha de adquisición Número de inventario Total de préstamos Signatura topográfica completa Código de barras Fecha visto por última vez Precio válido a partir de Tipo de ítem Koha
        Monografías: Libros y Folletos General General Orden iniciada 25.10.2013 LF1   41966-10 25.06.2020 25.06.2020 No se presta

Powered by Koha